The Bushes : Portrait of a dynasty
保存先:
| 第一著者: | |
|---|---|
| その他の著者: | |
| フォーマット: | CD |
| 言語: | English |
| 出版事項: |
New York :
Random House,
2004.
|
| タグ: |
タグ追加
タグなし, このレコードへの初めてのタグを付けませんか!
|
| Thư viện lưu trữ: | Thư viện Trường Đại học Đà Lạt |
|---|
| LEADER | 00675nam a2200277 4500 | ||
|---|---|---|---|
| 001 | DLU090064700 | ||
| 005 | ##20090106 | ||
| 040 | # | # | |a DLU |b eng |
| 041 | # | # | |a eng |
| 044 | # | # | |a us |
| 082 | # | # | |a 923.1 |b SC-R |
| 100 | # | # | |a Schweizer, Rochelle. |
| 245 | # | # | |a The Bushes : |b Portrait of a dynasty |h [Cassette] / |c Rochelle Schweizer, Peter Schweizer. |
| 260 | # | # | |a New York : |b Random House, |c 2004. |
| 300 | # | # | |a 4 Cassettes. |
| 700 | # | # | |a Schweizer, Peter. |
| 923 | # | # | |a 21/2008 |
| 992 | # | # | |a 0 |
| 994 | # | # | |a DLU |
| 900 | # | # | |a True |
| 911 | # | # | |a Nguyễn Thanh Hương |
| 925 | # | # | |a CD |
| 926 | # | # | |a A |
| 927 | # | # | |a CD |
| 980 | # | # | |a Thư viện Trường Đại học Đà Lạt |